L'Europe, actrice et moteur de la mondialisation depuis 1950 (notice n° 1603543)

détails MARC
000 -LEADER
fixed length control field 02298cam a2200169 4500500
005 - DATE AND TIME OF LATEST TRANSACTION
control field 20251228092702.0
041 ## - LANGUAGE CODE
Language code of text/sound track or separate title fre
042 ## - AUTHENTICATION CODE
Authentication code dc
100 10 - MAIN ENTRY--PERSONAL NAME
Personal name Perron, Régine
Relator term author
245 00 - TITLE STATEMENT
Title L'Europe, actrice et moteur de la mondialisation depuis 1950
260 ## - PUBLICATION, DISTRIBUTION, ETC.
Date of publication, distribution, etc. 2005.<br/>
500 ## - GENERAL NOTE
General note 92
520 ## - SUMMARY, ETC.
Summary, etc. L’Europe, actrice et moteur de la mondialisation depuis 1950Ce travail cherche à mettre en évidence que la mondialisation commence après 1945 et que l’intégration européenne fait partie de ce processus. Cette mondialisation s’avère être le résultat du nouvel ordre économique international, appelé aussi le multilatéralisme, mis en place dès le lendemain de la Seconde Guerre mondiale par le gouvernement des États-Unis. Le multilatéralisme est un système qui introduit de nouveaux outils dans le libéralisme hérité du XIXe siècle, en tenant compte des deux guerres mondiales et de la crise de 1929, et il a tout d’abord été expérimenté en Europe. Depuis les années 1950, la Communauté européenne vit un paradoxe, car elle a toujours souhaité concilier les impératifs du multilatéralisme de s’ouvrir au marché mondial et les souhaits européens de protéger son propre marché.
520 ## - SUMMARY, ETC.
Summary, etc. L’Europe, actrice et moteur de la mondialisation depuis 1950This article seeks to highlight the fact that globalization began after 1945 and that European integration part of forms part of this process. The current globalization is the result of the new economic international order, also called multilateralism, set up after the Second World War by the government of the United States. Multilateralism is a system which introduces new tools in the liberalism inherited from the XIXth century, by taking account of the two world wars and of the crisis of 1929, and it was first of all tested in Europe. Since the 1950s, the European Community has been experiencing a paradox, because it has always wished to reconcile the requirements of multilateralism to open up to the global market with the European desire to protect its own market.
786 0# - DATA SOURCE ENTRY
Note Relations internationales | 124 | 4 | 2005-12-01 | p. 69-81 | 0335-2013
856 41 - ELECTRONIC LOCATION AND ACCESS
Uniform Resource Identifier <a href="https://shs.cairn.info/revue-relations-internationales-2005-4-page-69?lang=fr&redirect-ssocas=7080">https://shs.cairn.info/revue-relations-internationales-2005-4-page-69?lang=fr&redirect-ssocas=7080</a>

Pas d'exemplaire disponible.

PLUDOC

PLUDOC est la plateforme unique et centralisée de gestion des bibliothèques physiques et numériques de Guinée administré par le CEDUST. Elle est la plus grande base de données de ressources documentaires pour les Étudiants, Enseignants chercheurs et Chercheurs de Guinée.

Adresse

627 919 101/664 919 101

25 boulevard du commerce
Kaloum, Conakry, Guinée

Réseaux sociaux

Powered by Netsen Group @ 2025